[Event "Titled Tue 1st Jul Early"]
[Site "chess.com INT"]
[Date "2025.07.01"]
[Round "10"]
[White "Sakun, Volodymyr"]
[Black "Ankit Ray"]
[Result "1-0"]
[WhiteTitle "FM"]
[BlackTitle "FM"]
[WhiteElo "2301"]
[BlackElo "2248"]
[WhiteFideId "14114062"]
[BlackFideId "25770624"]
[EventDate "2025.07.01"]

1. d4 Nf6 2. Nf3 e6 3. e3 c5 4. Bd3 b6 5. c3 Bb7 6. Nbd2 Be7 7. e4 cxd4 8. cxd4
Nc6 9. a3 d6 10. Qe2 e5 11. d5 Nb8 12. b4 O-O 13. O-O a5 14. Bb2 Ba6 15. Rfc1
Bxd3 16. Qxd3 Na6 17. Qb5 Qd7 18. Rc6 Bd8 19. Rac1 Nb8 20. g3 axb4 21. axb4 Nxc6
22. dxc6 Qc7 23. Nh4 Ra2 24. Rc2 g6 25. Ng2 Be7 26. Ne3 Rfa8 27. Kg2 h5 28. h4
R2a4 29. Ndc4 R4a6 30. Nd5 Nxd5 31. exd5 Bd8 32. Bc1 f6 33. Be3 f5 34. Rd2 Kf7
35. Nxe5+ dxe5 36. d6 Qa7 37. c7 Bxc7 38. Qd7+ Kf6 39. Bg5# 1-0

[Event "Titled Tue 1st Jul Early"]
[Site "chess.com INT"]
[Date "2025.07.01"]
[Round "10"]
[White "Tikhonov, Viacheslav"]
[Black "Andrade, Ivan"]
[Result "0-1"]
[WhiteTitle "CM"]
[BlackTitle "FM"]
[WhiteElo "2183"]
[BlackElo "2136"]
[WhiteFideId "44196407"]
[BlackFideId "14800039"]
[EventDate "2025.07.01"]

1. e4 c5 2. Nf3 d6 3. d4 cxd4 4. Nxd4 Nf6 5. Nc3 a6 6. h3 e5 7. Nb3 h6 8. f4
exf4 9. Bxf4 Nc6 10. Qd2 Nh5 11. O-O-O Nxf4 12. Qxf4 Qg5 13. Qxg5 hxg5 14. Nd5
Kd8 15. Nb6 Rb8 16. Nxc8 Kxc8 17. Bc4 Ne5 18. Bd5 Be7 19. Rhf1 Bf6 20. Nd4 g4
21. hxg4 Nxg4 22. Bxf7 Ne3 23. Nf5 Nxf1 24. Rxf1 Kc7 25. Rd1 Rbd8 26. Ne3 Bg5
27. Rd3 Rdf8 28. Bd5 Rf2 29. b3 Re2 30. Rc3+ Kb8 31. Kb2 Bxe3 32. Rc4 Bf4 33.
Ka3 Be5 34. Rb4 b5 35. c4 Bb2# 0-1

[Event "Titled Tue 1st Jul Early"]
[Site "chess.com INT"]
[Date "2025.07.01"]
[Round "10"]
[White "Kislinsky, Alexey"]
[Black "Dragnev, Valentin"]
[Result "0-1"]
[WhiteTitle "GM"]
[BlackTitle "GM"]
[WhiteElo "2341"]
[BlackElo "2547"]
[WhiteFideId "14108801"]
[BlackFideId "1634852"]
[EventDate "2025.07.01"]

1. d4 d5 2. c4 e6 3. Nf3 c5 4. dxc5 Bxc5 5. e3 Nf6 6. a3 O-O 7. b4 Be7 8. Nbd2
a5 9. b5 Nbd7 10. Bb2 Nc5 11. Be2 b6 12. O-O Bb7 13. cxd5 Bxd5 14. Nd4 Qd7 15.
Nc4 Qb7 16. f3 Rfd8 17. Ne5 Qc7 18. f4 Nfe4 19. Rc1 f6 20. Nc4 Kh8 21. Qe1 Rac8
22. Qh4 f5 23. Qh3 Bf6 24. g4 fxg4 25. Qxg4 Nd6 26. Ne5 Nf5 27. Nxf5 exf5 28.
Qxf5 Be4 29. Qh5 Rd2 30. Nf7+ Kg8 31. Nh6+ Kf8 32. Bxf6 gxf6 33. Bg4 Rg2+ 34.
Kh1 Rxg4+ 35. Rf3 Bxf3# 0-1

[Event "Titled Tue 1st Jul Early"]
[Site "chess.com INT"]
[Date "2025.07.01"]
[Round "10"]
[White "Fomevor, Cephas Clinton"]
[Black "Huseynova, Lala"]
[Result "0-1"]
[WhiteTitle "CM"]
[BlackTitle "WFM"]
[WhiteElo "1883"]
[BlackElo "2045"]
[WhiteFideId "12601330"]
[BlackFideId "13431781"]
[EventDate "2025.07.01"]

1. d4 d5 2. c4 e6 3. Nc3 Be7 4. cxd5 exd5 5. Nf3 Nf6 6. Bg5 O-O 7. e3 Bf5 8. Bd3
Bxd3 9. Qxd3 c6 10. O-O Ne4 11. Bf4 Nd6 12. a3 Nd7 13. Bxd6 Bxd6 14. b4 a5 15.
b5 Qe7 16. bxc6 bxc6 17. Na4 Rab8 18. Rfc1 Rfc8 19. Rc3 Nb6 20. Nxb6 Rxb6 21. g3
Rcb8 22. Kg2 a4 23. h4 Rb3 24. Rac1 Bxa3 25. Rxb3 Rxb3 26. Rc3 Qb4 27. Rxb3 axb3
28. Ng5 g6 29. Qa6 b2 30. Qxc6 b1=Q 31. Qe8+ Qf8 32. Qe5 h6 33. Nf3 Qe4 0-1

[Event "Titled Tue 1st Jul Early"]
[Site "chess.com INT"]
[Date "2025.07.01"]
[Round "10"]
[White "Niemann, Hans Moke"]
[Black "Lazavik, Denis"]
[Result "0-1"]
[WhiteTitle "GM"]
[BlackTitle "GM"]
[WhiteElo "2736"]
[BlackElo "2580"]
[WhiteFideId "2093596"]
[BlackFideId "13515110"]
[EventDate "2025.07.01"]

1. e4 c5 2. Nf3 d6 3. Bb5+ Bd7 4. Bxd7+ Nxd7 5. c4 e6 6. Nc3 Ne5 7. d4 Nxf3+ 8.
gxf3 cxd4 9. Qxd4 Ne7 10. Be3 Nc6 11. Qd2 Be7 12. O-O-O a6 13. Kb1 Rc8 14. f4
Qa5 15. Rhg1 g6 16. a3 O-O 17. f3 b5 18. cxb5 axb5 19. Na2 Qa8 20. Rc1 Na5 21.
Qd3 Nc4 22. Bd4 d5 23. e5 b4 24. f5 exf5 25. e6 fxe6 26. Nxb4 e5 27. Bf2 Bxb4
28. axb4 e4 29. fxe4 fxe4 30. Qe2 Rxf2 31. Qxf2 e3 0-1

[Event "Titled Tue 1st Jul Early"]
[Site "chess.com INT"]
[Date "2025.07.01"]
[Round "10"]
[White "Novikova, Anna"]
[Black "Vihaan Dumir"]
[Result "0-1"]
[WhiteTitle "WIM"]
[BlackTitle "CM"]
[WhiteElo "2179"]
[BlackElo "2143"]
[WhiteFideId "4146794"]
[BlackFideId "25901010"]
[EventDate "2025.07.01"]

1. e4 e6 2. d4 d5 3. Nd2 dxe4 4. Nxe4 Bd7 5. Bd3 Bc6 6. c3 Nd7 7. Nf3 Ngf6 8.
Bg5 Be7 9. Bxf6 Nxf6 10. Nxf6+ Bxf6 11. O-O O-O 12. Nd2 b6 13. Qh5 g6 14. Qh3
Bg7 15. Ne4 Bb7 16. f4 c5 17. Ng5 h6 18. Bxg6 fxg6 19. Qxe6+ Kh8 20. Nf7+ Rxf7
21. Qxf7 Bd5 22. Qxg6 cxd4 23. f5 Qf6 24. Qxf6 Bxf6 25. Rad1 Rg8 26. g3 Bc4 27.
Rf3 Be2 28. Rff1 Bxf1 29. Kxf1 dxc3 30. bxc3 Bxc3 31. Rd7 Rf8 32. g4 a5 33. Rb7
Bd4 34. a4 h5 35. h3 hxg4 36. hxg4 Rg8 37. Re7 Rxg4 38. Re6 Rf4+ 39. Kg2 Rxf5
40. Re8+ Kg7 41. Re7+ Kf6 0-1

[Event "Titled Tue 1st Jul Early"]
[Site "chess.com INT"]
[Date "2025.07.01"]
[Round "10"]
[White "Grebeniuk, Semen"]
[Black "Fronda, Jan Jodilyn"]
[Result "1-0"]
[BlackTitle "WIM"]
[WhiteElo "2324"]
[BlackElo "2115"]
[WhiteFideId "14117509"]
[BlackFideId "5204585"]
[EventDate "2025.07.01"]

1. d4 Nf6 2. Nf3 g6 3. Bg5 Bg7 4. c3 d6 5. Nbd2 Nbd7 6. e4 e5 7. Bc4 O-O 8. O-O
h6 9. Bh4 exd4 10. cxd4 g5 11. Bg3 Nh5 12. Nb3 Nb6 13. Bd3 Bg4 14. h3 Nxg3 15.
fxg3 Bh5 16. g4 Bg6 17. Re1 a5 18. a4 c6 19. Nbd2 Qd7 20. Nf1 d5 21. e5 Nc4 22.
Re2 Rae8 23. Ng3 c5 24. Bxc4 dxc4 25. dxc5 Bd3 26. Nf5 Bxf5 27. gxf5 Qxf5 28.
Qd5 Qd3 29. Rd2 Qe3+ 30. Kh1 Bxe5 31. Re1 Qf4 32. Rxe5 Rxe5 33. Qxe5 Qxe5 34.
Nxe5 Rc8 35. Rd5 c3 36. bxc3 Kg7 37. Nd3 Re8 38. Rd7 Re3 39. Kg1 Kg6 40. Kf2 Re4
41. Rxb7 f6 42. Rb5 Rxa4 43. c6 Rc4 44. Rc5 Re4 45. c7 Re8 46. Rxa5 Rc8 47. Rc5
Kf7 48. Nb4 Ke6 49. Na6 Kd6 50. g4 Kd7 51. Ke3 Ra8 52. c8=Q+ Rxc8 53. Rxc8 Kxc8
54. Ke4 Kd7 55. Kf5 Ke7 56. c4 Kf7 57. c5 Ke7 58. c6 Kd6 59. Nb4 Kc7 60. Kxf6 1-0

[Event "Titled Tue 1st Jul Early"]
[Site "chess.com INT"]
[Date "2025.07.01"]
[Round "10"]
[White "Legenia, Artem"]
[Black "Bulatova, Kamaliya"]
[Result "1-0"]
[BlackTitle "WFM"]
[WhiteElo "2092"]
[BlackElo "2091"]
[WhiteFideId "14136945"]
[BlackFideId "34111546"]
[EventDate "2025.07.01"]

1. d4 e5 2. e3 exd4 3. exd4 d5 4. Bd3 Bd6 5. Qf3 c6 6. h3 Qe7+ 7. Ne2 h6 8. O-O
Be6 9. Nf4 Nd7 10. Re1 O-O-O 11. c4 Qf6 12. Nxe6 Bb4 13. Nxd8 Bxe1 14. Qxf6
Ngxf6 15. Nxf7 Rf8 16. Nd6+ Kc7 17. c5 b6 18. Be3 bxc5 19. dxc5 Ne5 20. Be2 Ne4
21. Nxe4 dxe4 22. Nd2 Bxd2 23. Bxd2 g5 24. Bc3 Nd7 25. b4 a5 26. a3 Ra8 27. Rd1
axb4 28. axb4 Ra3 29. Be1 Rb3 30. Bc4 Ra3 31. Rb1 Ne5 32. Bf1 g4 33. hxg4 Nxg4
34. b5 cxb5 35. Bxb5 e3 36. fxe3 Nxe3 37. Be2 Kc6 38. Rc1 Ra2 39. Bf3+ Kc7 40.
Bg3+ Kc8 41. c6 Nf5 42. Bg4 Ra5 43. Rf1 Rc5 44. Bxf5+ Kd8 45. c7+ Rxc7 46. Bxc7+
Kxc7 47. Bd7 1-0

[Event "Titled Tue 1st Jul Early"]
[Site "chess.com INT"]
[Date "2025.07.01"]
[Round "10"]
[White "Yaksin, Oleg"]
[Black "Rustemov, Alexander"]
[Result "0-1"]
[WhiteTitle "FM"]
[BlackTitle "GM"]
[WhiteElo "2393"]
[BlackElo "2525"]
[WhiteFideId "24105880"]
[BlackFideId "4119002"]
[EventDate "2025.07.01"]

1. Nf3 d5 2. g3 c6 3. Bg2 Bf5 4. c4 dxc4 5. a4 e6 6. Na3 Bxa3 7. bxa3 Nf6 8. Bb2
Be4 9. Rc1 b5 10. O-O O-O 11. d3 cxd3 12. exd3 Bd5 13. Qd2 Nbd7 14. Nd4 Bxg2 15.
Kxg2 Ne5 16. Rc5 Nfd7 17. Nxc6 Nxc6 18. Rxc6 bxa4 19. Qf4 Nf6 20. Bxf6 Qxf6 21.
Qxf6 gxf6 22. Rc4 Rfd8 23. d4 Rd7 24. Rxa4 Rc8 25. Rb1 Rc2 26. Rb3 Rd2 27. Rbb4
Kg7 28. Kf3 f5 29. Ke3 Ra2 30. h4 Rc7 31. Rc4 Rxc4 32. Rxc4 Rxa3+ 33. Kf4 Kf6
34. f3 h5 35. d5 e5# 0-1

[Event "Titled Tue 1st Jul Early"]
[Site "chess.com INT"]
[Date "2025.07.01"]
[Round "10"]
[White "Paravyan, David"]
[Black "Bortnyk, Olexandr"]
[Result "1-0"]
[WhiteTitle "GM"]
[BlackTitle "GM"]
[WhiteElo "2589"]
[BlackElo "2601"]
[WhiteFideId "4194985"]
[BlackFideId "14120828"]
[EventDate "2025.07.01"]

1. Nf3 Nf6 2. e3 b6 3. b3 Bb7 4. Bb2 g6 5. Be2 Bg7 6. O-O O-O 7. d4 d5 8. Nbd2
e6 9. a4 a5 10. h3 Na6 11. Re1 c5 12. Ne5 Qe7 13. Ba3 Rac8 14. c3 Rfd8 15. Rc1
Ne4 16. Nxe4 dxe4 17. Nc4 Qc7 18. Qc2 cxd4 19. cxd4 Bd5 20. Qb1 Nb4 21. Nxa5 Nc2
22. Ba6 bxa5 23. Bxc8 Rxc8 24. Re2 Nxa3 25. Rxc7 Rxc7 26. Qe1 Bf8 27. Qxa5 Bd6
28. Re1 Rb7 29. Qd8+ Bf8 30. a5 Rxb3 31. a6 Nb5 32. Ra1 Na7 33. Qc7 Nb5 34. Qd7
Ba3 35. a7 Nxa7 36. Qxa7 Bd6 37. Qd7 Bb8 38. g3 Kg7 39. Rc1 h5 40. h4 Rb7 41.
Qd8 Rb2 42. Rc8 1-0

[Event "Titled Tue 1st Jul Early"]
[Site "chess.com INT"]
[Date "2025.07.01"]
[Round "10"]
[White "Shukhman, Anna"]
[Black "Buscar, Michael"]
[Result "1-0"]
[WhiteTitle "WGM"]
[WhiteElo "2416"]
[BlackElo "2016"]
[WhiteFideId "54180058"]
[BlackFideId "2603616"]
[EventDate "2025.07.01"]

1. e4 c5 2. Nf3 Nc6 3. Nc3 Nf6 4. Bb5 g6 5. O-O Bg7 6. e5 Ng4 7. Bxc6 dxc6 8.
Qe2 Nh6 9. d3 Nf5 10. Ne4 Nd4 11. Nxd4 cxd4 12. Bf4 O-O 13. Rfe1 b6 14. h4 h5
15. Qd2 Bf5 16. Ng3 Be6 17. Bh6 Bd5 18. Bxg7 Kxg7 19. Qg5 Kh7 20. c4 dxc3 21.
bxc3 Qd7 22. Nxh5 gxh5 23. Qxh5+ Kg7 24. Re3 Qe6 25. Rg3+ Qg6 26. Rxg6+ fxg6 27.
Qg5 Rf5 28. Qxe7+ Rf7 29. Qg5 Rh8 30. Re1 Rh5 31. Qd8 Rf8 32. Qd7+ Rf7 33. Qd6
Rxh4 34. c4 Bxg2 35. Kxg2 Rhf4 36. Re2 R7f5 37. e6 Rg4+ 38. Kf1 Rh5 39. Qe7+ Kg8
40. Qf7+ Kh8 41. Re4 1-0

[Event "Titled Tue 1st Jul Early"]
[Site "chess.com INT"]
[Date "2025.07.01"]
[Round "10"]
[White "Mourao, Igor A.C.Lofredo"]
[Black "Mafra, Kaiser Luiz"]
[Result "1-0"]
[BlackTitle "CM"]
[WhiteElo "2177"]
[BlackElo "2043"]
[WhiteFideId "2102544"]
[BlackFideId "2106698"]
[EventDate "2025.07.01"]

1. d4 Nf6 2. c4 g6 3. Nc3 Bg7 4. e4 d6 5. Nf3 O-O 6. h3 e5 7. d5 Na6 8. Bg5 h6
9. Be3 Nh5 10. Nd2 Nf4 11. g3 Nh5 12. Be2 Nf6 13. g4 Ne8 14. h4 f5 15. gxf5 gxf5
16. exf5 Bxf5 17. Bg4 Qf6 18. Bxf5 Qxf5 19. Rg1 Nb4 20. Nde4 Kh7 21. a3 Na6 22.
Qg4 Qxg4 23. Rxg4 Nf6 24. Nxf6+ Rxf6 25. Ne4 Rg6 26. Rxg6 Kxg6 27. Ke2 Rf8 28.
Rg1+ Kh7 29. b4 Rg8 30. h5 b6 31. Rg6 Nb8 32. c5 bxc5 33. bxc5 dxc5 34. Bxc5 Nd7
35. Be3 Nb6 36. d6 cxd6 37. Nxd6 Bf8 38. Re6 Bxd6 39. Rxh6+ Kg7 40. Rxd6 Nc4 41.
Rd7+ Kf6 42. Rxa7 Nxe3 43. Kxe3 Rh8 44. h6 Kf5 45. h7 Ke6 46. Ke4 Kd6 47. Kf5
Kd5 48. Kg6 1-0

[Event "Titled Tue 1st Jul Early"]
[Site "chess.com INT"]
[Date "2025.07.01"]
[Round "10"]
[White "Souleidis, Georgios"]
[Black "Estrada Nieto, Julian"]
[Result "1-0"]
[WhiteTitle "IM"]
[BlackTitle "IM"]
[WhiteElo "2418"]
[BlackElo "2189"]
[WhiteFideId "4206827"]
[BlackFideId "5101018"]
[EventDate "2025.07.01"]

1. e4 e5 2. Nc3 Nf6 3. d4 exd4 4. Qxd4 Nc6 5. Qd3 Bb4 6. Bd2 O-O 7. O-O-O Re8 8.
Nge2 d6 9. Bg5 h6 10. Bxf6 Qxf6 11. Nd5 Qd8 12. Nxb4 Nxb4 13. Qd2 a5 14. Nc3 Bd7
15. a3 Nc6 16. f3 Ne5 17. f4 Ng6 18. g3 Bc6 19. Bg2 Kh8 20. Rhe1 Qf6 21. h4 Nf8
22. h5 a4 23. Re3 Ra5 24. Bf3 Rc5 25. Qd4 Qxd4 26. Rxd4 Ne6 27. Rd2 Rc4 28. Bg4
Nc5 29. Rde2 Kg8 30. e5 dxe5 31. Rxe5 Rxe5 32. Rxe5 Kf8 33. Be2 1-0

[Event "Titled Tue 1st Jul Early"]
[Site "chess.com INT"]
[Date "2025.07.01"]
[Round "10"]
[White "Shahinyan, Vladimir"]
[Black "Garde, Guillaume"]
[Result "1-0"]
[WhiteTitle "CM"]
[BlackTitle "CM"]
[WhiteElo "2182"]
[BlackElo "2196"]
[WhiteFideId "13314599"]
[BlackFideId "45138273"]
[EventDate "2025.07.01"]

1. e4 c6 2. d4 d5 3. exd5 cxd5 4. Bd3 Nc6 5. c3 Nf6 6. Bf4 Bg4 7. Qb3 Qb6 8.
Qxb6 axb6 9. h3 Bh5 10. Na3 Bg6 11. Bxg6 hxg6 12. Nb5 Kd7 13. Nf3 e6 14. Ng5 Nd8
15. Bc7 Rh5 16. h4 Ne4 17. Bxd8 Rxd8 18. g4 Rxh4 19. Rxh4 Nxg5 20. Ke2 Be7 21.
Rah1 Ra8 22. a3 Ra5 23. b4 Rxb5 24. a4 Ne4 25. axb5 Nxc3+ 26. Kd3 Nxb5 27. Rh7
Bf6 28. Rh8 Bxd4 29. Rb8 Bxf2 30. Rxb7+ Kc6 31. Rxf7 Bd4 32. Re1 Kd6 33. Rc1 e5
34. Rc8 e4+ 35. Kd2 Bf6 36. Rb7 Bd4 37. Rd8+ Ke5 38. Re7+ Kf6 39. Red7 Bc3+ 40.
Ke3 Bxb4 41. Rxd5 Bc5+ 42. Kf4 g5+ 43. Rxg5 Be3+ 44. Kxe3 Kxg5 45. Rd5+ Kxg4 46.
Rxb5 g5 47. Kxe4 Kh4 48. Kf5 g4 49. Rb4 Kh3 50. Rxg4 b5 51. Kf4 b4 52. Kf3 b3
53. Rb4 b2 54. Rxb2 Kh4 55. Rb5 Kh3 56. Rh5# 1-0

[Event "Titled Tue 1st Jul Early"]
[Site "chess.com INT"]
[Date "2025.07.01"]
[Round "10"]
[White "Palczert, Matyas"]
[Black "Sheehan, Ethan"]
[Result "1-0"]
[WhiteTitle "FM"]
[WhiteElo "2396"]
[BlackElo "2366"]
[WhiteFideId "784958"]
[BlackFideId "30943965"]
[EventDate "2025.07.01"]

1. b3 e5 2. Bb2 Nc6 3. c4 Nf6 4. e3 d5 5. cxd5 Nxd5 6. a3 Bd6 7. d3 O-O 8. Nd2
Be6 9. Ngf3 f5 10. Be2 Qe7 11. Qc2 h6 12. b4 a6 13. O-O Rad8 14. Nc4 Bf7 15.
Rac1 Rfe8 16. Rfd1 g5 17. d4 e4 18. Nfe5 Bxe5 19. dxe5 h5 20. Rd2 h4 21. Rcd1 h3
22. g3 Be6 23. Bf1 Qh7 24. Ba1 f4 25. exf4 gxf4 26. Re1 Bf5 27. Qa2 Qf7 28. e6
Bxe6 29. Qb2 Kh7 30. Rxe4 Qg6 31. Bd3 Bf5 32. Rde2 Rg8 33. Re6 Qg4 34. f3 Qg5
35. Bxf5+ Qxf5 36. g4 Rxg4+ 37. fxg4 Qxg4+ 38. Kf1 Nc3 39. Qc2+ 1-0

[Event "Titled Tue 1st Jul Early"]
[Site "chess.com INT"]
[Date "2025.07.01"]
[Round "10"]
[White "Volovich, Vasily"]
[Black "Moroni, Luca Jr"]
[Result "1-0"]
[WhiteTitle "FM"]
[BlackTitle "GM"]
[WhiteElo "2177"]
[BlackElo "2549"]
[WhiteFideId "34169676"]
[BlackFideId "865834"]
[EventDate "2025.07.01"]

1. e4 g6 2. d4 Bg7 3. Nc3 a6 4. h4 h5 5. a4 d6 6. Be2 Nf6 7. Nf3 O-O 8. O-O Nc6
9. d5 Nb4 10. Bf4 e6 11. dxe6 Bxe6 12. Ng5 Qd7 13. e5 Nfd5 14. Nxd5 Nxd5 15.
Nxe6 fxe6 16. Bg3 Bxe5 17. Bxe5 dxe5 18. Bf3 Rf4 19. Qd3 Qf7 20. Rfe1 Rd4 21.
Qe2 Qf6 22. Qxe5 Qxe5 23. Rxe5 Kf7 24. g3 Rd8 25. Re2 Nb6 26. Bxb7 a5 27. b3 Rd2
28. Rae1 R8d6 29. Be4 c5 30. Bd3 Rxe2 31. Rxe2 Rd4 32. Re5 Nd7 33. Rg5 e5 34.
Bxg6+ Kf6 35. Bxh5 e4 36. Bg4 Ne5 37. Rf5+ Ke6 38. Rf4+ Kd5 39. Be2 Rd2 40. Bc4+
Kd4 41. Ba6 Rxc2 42. Bb7 Nd3 43. Rxe4+ Kc3 44. Re3 Kd2 45. Be4 Rc1+ 46. Kg2 c4
47. bxc4 Nc5 48. Bd5 Ra1 49. h5 Rxa4 50. h6 Rb4 51. h7 Rb8 52. Bg8 1-0

[Event "Titled Tue 1st Jul Early"]
[Site "chess.com INT"]
[Date "2025.07.01"]
[Round "10"]
[White "Mizzi, Jack"]
[Black "Fernandez, Maria Florencia"]
[Result "1-0"]
[WhiteTitle "CM"]
[BlackTitle "WIM"]
[WhiteElo "2106"]
[BlackElo "2163"]
[WhiteFideId "5602521"]
[BlackFideId "116459"]
[EventDate "2025.07.01"]

1. d4 Nf6 2. c4 g6 3. Nf3 Bg7 4. g3 O-O 5. Bg2 d6 6. O-O Nc6 7. Nc3 Bf5 8. Ne1
e5 9. d5 Ne7 10. e4 Bc8 11. f4 Ne8 12. Nd3 f5 13. fxe5 dxe5 14. Qe2 fxe4 15.
Rxf8+ Kxf8 16. Nxe4 Nf5 17. Bg5 Qd7 18. Ndc5 Qf7 19. Rf1 Kg8 20. g4 b6 21. Ne6
h6 22. Be3 Bxe6 23. dxe6 Qxe6 24. gxf5 gxf5 25. Ng5 Qg6 26. Bxa8 hxg5 27. Qd3
Nd6 28. c5 bxc5 29. Bxc5 e4 30. Qd5+ Kh7 31. Bxd6 cxd6 32. Qxf5 Qxf5 33. Rxf5 e3
34. Be4 Kh6 35. Kf1 Bxb2 36. Ke2 Bd4 37. Kd3 Be5 38. h3 Kh5 39. Bf3+ Kh4 40. Bg4
Bf4 41. Ke2 Kg3 42. Ra5 1-0

[Event "Titled Tue 1st Jul Early"]
[Site "chess.com INT"]
[Date "2025.07.01"]
[Round "10"]
[White "Donoso Aguirre, Maximiliano"]
[Black "Sharapov, Yevhen"]
[Result "0-1"]
[WhiteTitle "CM"]
[BlackTitle "GM"]
[WhiteElo "2050"]
[BlackElo "2375"]
[WhiteFideId "3458920"]
[BlackFideId "14103133"]
[EventDate "2025.07.01"]

1. e4 c5 2. c3 Nf6 3. e5 Nd5 4. Nf3 Nc6 5. Bc4 Nb6 6. Bb3 d5 7. exd6 exd6 8. d4
cxd4 9. Nxd4 Be7 10. O-O O-O 11. Re1 d5 12. Be3 Bf6 13. Na3 Bd7 14. Nac2 Nc4 15.
Bxc4 dxc4 16. Qe2 Ne5 17. b3 Rc8 18. b4 Nd3 19. Red1 b5 20. Ne1 Nxe1 21. Qxe1
Qc7 22. Rac1 Rfe8 23. Qd2 a6 24. h3 Bc6 25. Nxc6 Qxc6 26. Qd6 Qxd6 27. Rxd6 Re6
28. Rxe6 fxe6 29. Kf1 Rd8 30. Ke2 Rd3 31. Bd2 Kf7 32. a4 bxa4 33. Ra1 Bxc3 34.
Bxc3 Rxc3 35. Rxa4 Rb3 36. Rxa6 Rxb4 37. Rc6 Rb2+ 38. Ke3 Rc2 39. Rc7+ Kf6 40.
g3 h5 41. h4 g6 42. Rc5 c3 43. Kd4 Rd2+ 44. Ke3 Rc2 45. Kd4 Rxf2 46. Rxc3 Kf5
47. Ke3 Ra2 48. Kf3 e5 49. Rb3 Rd2 50. Ke3 Rc2 51. Kf3 Rc4 52. Ra3 Rd4 53. Rb3
Rd3+ 54. Rxd3 e4+ 55. Ke3 exd3 0-1

[Event "Titled Tue 1st Jul Early"]
[Site "chess.com INT"]
[Date "2025.07.01"]
[Round "10"]
[White "Gulamirian, Korun"]
[Black "Tiitta, Sauli"]
[Result "0-1"]
[WhiteTitle "CM"]
[WhiteElo "1890"]
[BlackElo "2157"]
[WhiteFideId "4144899"]
[BlackFideId "502251"]
[EventDate "2025.07.01"]

1. c4 g5 2. Nc3 Bg7 3. d4 c5 4. dxc5 h6 5. h4 g4 6. e3 Bxc3+ 7. bxc3 Qa5 8. Bd2
Qxc5 9. Qxg4 Nf6 10. Qd4 Qa5 11. Nf3 Nc6 12. Qf4 d6 13. Bd3 Be6 14. Nd4 Bd7 15.
O-O Ne5 16. Be2 O-O-O 17. Nb5 Rdg8 18. Qd4 Nc6 19. Qf4 Ne5 20. Rab1 Bc6 21. f3
Qxa2 22. Rfd1 Bxb5 23. cxb5 Qe6 24. Ra1 Qh3 25. Bf1 Nxf3+ 26. Kf2 Ng4+ 27. Qxg4+
Qxg4 28. gxf3 Qg3+ 29. Ke2 Qxh4 30. Rxa7 Kb8 31. Rda1 Qh2+ 32. Kd3 Qf2 33. b6
Kc8 34. Kc2 Qxf3 35. Bb5 Qf5+ 36. Bd3 Qc5 37. R1a4 Qxb6 38. R7a5 e6 39. Rb5 Qc6
40. Rc4 Qxc4 41. Bxc4 Rg2 42. Rb6 Kc7 43. Rb5 h5 44. Kd3 h4 45. e4 h3 46. Be3 h2 0-1

[Event "Titled Tue 1st Jul Early"]
[Site "chess.com INT"]
[Date "2025.07.01"]
[Round "10"]
[White "Jiganchine, Roman"]
[Black "Smirnov, Alexandr A."]
[Result "0-1"]
[WhiteTitle "CM"]
[BlackTitle "FM"]
[WhiteElo "2205"]
[BlackElo "2136"]
[WhiteFideId "2603667"]
[BlackFideId "24104396"]
[EventDate "2025.07.01"]

1. Nf3 Nf6 2. c4 g6 3. Nc3 Bg7 4. e4 d6 5. d4 O-O 6. Be2 c5 7. O-O Nc6 8. Be3
cxd4 9. Nxd4 Bd7 10. Rc1 a5 11. Ndb5 a4 12. f3 Qa5 13. Kh1 Rfc8 14. Nd5 Nxd5 15.
exd5 Nb4 16. a3 Na6 17. Bd4 Bxb5 18. Bxg7 Kxg7 19. Qd4+ Kg8 20. cxb5 Rxc1 21.
Rxc1 Nc5 22. Qe3 Qd8 23. h4 Qd7 24. h5 Re8 25. Qf4 e5 26. dxe6 fxe6 27. b6 Rf8
28. Qd2 Nb3 29. Qd1 Nxc1 30. Qxc1 Rf5 31. hxg6 hxg6 32. f4 Qc6 33. Qxc6 bxc6 34.
Bc4 d5 35. Bd3 Rxf4 36. b7 Rf8 37. Bc2 Rb8 38. Bxa4 Rxb7 39. b4 Ra7 40. Bxc6
Rxa3 41. Bd7 Kf7 42. b5 Rb3 43. Bc6 d4 44. Kg1 Rb2 45. Kf1 e5 46. g3 Ke6 47. Ke1
Kd6 48. Be4 Rxb5 0-1

[Event "Titled Tue 1st Jul Early"]
[Site "chess.com INT"]
[Date "2025.07.01"]
[Round "10"]
[White "Germanovs, Georgijs"]
[Black "Foldes, Marton Gabor"]
[Result "1-0"]
[WhiteTitle "CM"]
[BlackTitle "FM"]
[WhiteElo "2260"]
[BlackElo "2295"]
[WhiteFideId "11609710"]
[BlackFideId "794708"]
[EventDate "2025.07.01"]

1. e4 Nf6 2. Nc3 d5 3. exd5 Nxd5 4. Nge2 e6 5. g3 b6 6. Bg2 Bb7 7. O-O Be7 8. d4
O-O 9. Nxd5 Bxd5 10. c4 Bxg2 11. Kxg2 Nd7 12. Be3 Bf6 13. Nc3 Bg5 14. Qg4 Bxe3
15. fxe3 Nf6 16. Qh4 Nd7 17. Qe4 Nf6 18. Qf4 Qd6 19. Qh4 Qc6+ 20. d5 exd5 21.
Rxf6 Qxf6 22. Qxf6 gxf6 23. Nxd5 Kg7 24. Nxc7 Rac8 25. Nb5 Rxc4 26. Nd4 Re8 27.
Rd1 Kg6 28. Kf2 Rd8 29. h4 Rc2+ 30. Kf3 Rxb2 31. h5+ Kxh5 32. g4+ Kg6 33. Rh1
Kg7 34. Nf5+ Kg8 35. Nh6+ Kg7 36. Nf5+ Kh8 37. Rc1 Rbd2 38. Rc6 Rxa2 39. Rxf6
Rad2 40. Nh6 Kg7 41. g5 R2d7 42. Kf4 Rf8 43. e4 Rfd8 44. e5 Rd4+ 45. Kg3 R8d7
46. Nf5+ Kf8 47. e6 Rd3+ 48. Kf4 R7d4+ 49. Nxd4 Rxd4+ 50. Ke5 Rd1 51. Rxf7+ Ke8
52. Rxh7 a6 53. g6 Rg1 54. Kf6 Rf1+ 55. Kg5 Rg1+ 56. Kh6 Rh1+ 57. Kg7 Rg1 58.
Rh8+ Ke7 59. Rb8 Kxe6 60. Rxb6+ Kf5 61. Rxa6 Rb1 62. Kh7 Rh1+ 63. Kg8 Rb1 64. g7
Kg5 65. Re6 Ra1 66. Kf7 Rf1+ 67. Ke8 1-0

[Event "Titled Tue 1st Jul Early"]
[Site "chess.com INT"]
[Date "2025.07.01"]
[Round "10"]
[White "Panda, Sambit"]
[Black "Dubnevych, Maksym"]
[Result "1-0"]
[WhiteTitle "IM"]
[BlackTitle "FM"]
[WhiteElo "2379"]
[BlackElo "2296"]
[WhiteFideId "25091794"]
[BlackFideId "14184001"]
[EventDate "2025.07.01"]

1. d4 Nf6 2. c4 e6 3. Nc3 d5 4. Nf3 Be7 5. e3 O-O 6. b3 b6 7. Bb2 Bb7 8. cxd5
Nxd5 9. Bd3 c5 10. O-O Nd7 11. Nxd5 Bxd5 12. e4 Bb7 13. d5 exd5 14. exd5 Nf6 15.
Qc2 Qxd5 16. Rad1 Qh5 17. Ne5 Rad8 18. h3 Nd5 19. Bc4 Bf6 20. Rfe1 Rfe8 21. f4
Qh4 22. Qe4 Qg3 23. Rd3 Nxf4 24. Rxg3 Bxe4 25. Bxf7+ Kf8 26. Bxe8 Rxe8 27. Rxe4
Nd5 28. Nd7+ Kf7 29. Rxe8 Kxe8 30. Nxf6+ gxf6 31. Rg7 Kf8 32. Rxa7 1-0